00617nam a22001937a 450000500170000001000150001702000260003203500140005803700090007208200060008110000280008724500430011526000410015827000410019930000210024094200200026199900190028195201230030020240508121058.0 aENG-140218 c250.00a9789380224060 aEN-123750 bDBAD aN aBarnabas, Sarala965902 aSong of Innocence/cby Sarala Barnabas aRajasthanbShruti Publicationsc2011 bJaipura50-Ka-6, Jyoti Nagare302005 a216p.c22cm(pbk) 2ddccENhNmBAR c202286d202286 001040708FICaAVbAVd2024-04-19eDBADg250.00l0oN BARpEN-123750r2024-04-19 00:00:00t1v250.00w2024-04-19yEN